[Event "Busevec op U20 Girls"]
[Site "Busevec"]
[Date "2002.06.01"]
[Round "6"]
[White "Barisic, Bozica"]
[Black "Saric, Kristina"]
[Result "0-1"]
[WhiteElo "1912"]
[BlackElo "2099"]
[PlyCount "94"]
[EventDate "2002.05.??"]
[EventType "swiss"]
[EventRounds "9"]
[EventCountry "CRO"]
[SourceTitle "EXT 2006"]
[Source "ChessBase"]
[SourceDate "2005.11.24"]
[SourceVersion "1"]
[SourceVersionDate "2005.11.24"]
[SourceQuality "1"]

1. g3 Nf6 2. Bg2 d5 3. d4 Bf5 4. Nf3 e6 5. Nh4 Bg4 6. c4 c6 7. h3 Bh5 8. Bg5 dxc4 9. Bf3 Bxf3 10. Nxf3 Nbd7 11. Nc3 h6 12. Bxf6 Nxf6 13. 0-0 b5 14. a3 Be7 15. Qc2 0-0 16. Rad1 Qb6 17. Rd2 Rfd8 18. e4 a6 19. Rfd1 Qb7 20. Ne5 Rac8 21. Ng4 h5 22. Nxf6+ Bxf6 23. e5 Be7 24. Na2 Rd7 25. Qc3 Rcd8 26. Nb4 a5 27. Nc2 Qa7 28. a4 Qa6 29. axb5 cxb5 30. Ne3 Bb4 31. Qc1 Bxd2 32. Qxd2 Qb6 33. d5 exd5 34. Nf5 Qg6 35. Nh4 Qe6 36. Qg5 Re8 37. Re1 Qh6 38. Qf5 Rde7 39. f4 Qb6+ 40. Kh2 Qf2+ 41. Ng2 Qxb2 42. Qxh5 c3 43. Qg5 c2 44. f5 Rxe5 45. Rf1 a4 46. h4 f6 47. Qd2 c1Q 0-1